|
|
|
|
| LEADER |
01274nam a2200337Ia 4500 |
| 001 |
EBC3572072 |
| 003 |
MiAaPQ |
| 005 |
20200520144314.0 |
| 006 |
m o d | |
| 007 |
cr cn||||||||| |
| 008 |
111102s2004 ne a s 000 0 eng d |
| 020 |
|
|
|z 9789076998275
|
| 020 |
|
|
|z 9789086865307
|
| 035 |
|
|
|a (MiAaPQ)EBC3572072
|
| 035 |
|
|
|a (Au-PeEL)EBL3572072
|
| 035 |
|
|
|a (CaPaEBR)ebr10686822
|
| 035 |
|
|
|a (OCoLC)932327407
|
| 040 |
|
|
|a MiAaPQ
|c MiAaPQ
|d MiAaPQ
|
| 050 |
|
4 |
|a SF793
|b .Z55 2004
|
| 100 |
1 |
|
|a Zijpp, A. J. van der,
|d 1945-
|
| 245 |
1 |
0 |
|a Foot and mouth disease
|h [electronic resource] :
|b new values, innovative research agendas and policies /
|c A.J. van der Zijpp ... [et. al.].
|
| 260 |
|
|
|a Wageningen :
|b Wageningen Academic Publishers,
|c 2004.
|
| 300 |
|
|
|a 77 p. :
|b ill.
|
| 490 |
1 |
|
|a EAAP technical series ;
|v 5
|
| 533 |
|
|
|a Electronic reproduction. Ann Arbor, MI : ProQuest, 2016. Available via World Wide Web. Access may be limited to ProQuest affiliated libraries.
|
| 650 |
|
0 |
|a Foot-and-mouth disease.
|
| 650 |
|
0 |
|a Animals
|x Diseases.
|
| 655 |
|
4 |
|a Electronic books.
|
| 710 |
2 |
|
|a ProQuest (Firm)
|
| 830 |
|
0 |
|a EAAP technical series ;
|v 5.
|
| 856 |
4 |
0 |
|u https://ebookcentral.proquest.com/lib/matrademy/detail.action?docID=3572072
|z Click to View
|